| 000 | 00489nam a22001697a 4500 | ||
|---|---|---|---|
| 003 | NUST - PNEC | ||
| 005 | 20170116181022.0 | ||
| 008 | 150915b xxu||||| |||| 00| 0 eng d | ||
| 020 | _a0830658203 | ||
| 040 | _cLIBRARY | ||
| 082 | _a697.0288 PRI | ||
| 100 |
_910708 _aPrice, Billy L. |
||
| 245 |
_aCentral heating & air conditioning repair guide _cBilly L. Price |
||
| 260 | _cc.1975 | ||
| 650 |
_910709 _aHeating--Equipment and supplies--Maintenance and repair _xME |
||
| 942 |
_2ddc _cBK |
||
| 999 |
_c67437 _d67437 |
||